[Event "Mondiale Lampo FIDE 2022"]
[Site "Alma Ata"]
[Date "30.12.2022"]
[Round "18.36"]
[White "Nesterov, Arseniy"]
[Black "Adhiban, Baskaran"]
[Result "0-1"]
[WhiteTitle ""]
[BlackTitle ""]
[WhiteElo "2573"]
[BlackElo "2611"]
[WhiteFideId "24198455"]
[BlackFideId "5018471"]
[EventDate "29.12.2022"]

1. d4 Nf6 2. c4 g6 3. Nc3 d5 4. cxd5 Nxd5 5. e4 Nxc3 6. bxc3 Bg7 7. Qa4+ Qd7 8.
Bb5 c6 9. Be2 O-O 10. Qa3 Qe6 11. e5 b6 12. Nf3 c5 13. h4 Bb7 14. h5 cxd4 15.
cxd4 Bxf3 16. Qxf3 Nc6 17. Be3 Rad8 18. Rd1 Nb4 19. Kf1 Nxa2 20. hxg6 fxg6 21.
Qh3 Qxh3 22. Bc4+ Kh8 23. Rxh3 Nb4 24. Ke2 Rc8 25. Rdh1 Rxc4 26. Rxh7+ Kg8 27.
e6 Rc2+ 28. Kd1 Ra2 29. R1h3 Nd5 30. Rxg7+ Kxg7 31. Bh6+ Kg8 32. Bxf8 Kxf8 33.
Rf3+ Kg8 34. Rf7 b5 35. g4 b4 36. Rf3 a5 37. Kc1 a4 38. Kb1 Re2 0-1

[Event "Mondiale Lampo FIDE 2022"]
[Site "Alma Ata"]
[Date "30.12.2022"]
[Round "18.37"]
[White "Hovhannisyan, Robert"]
[Black "Yudin, Sergei"]
[Result "1/2-1/2"]
[WhiteTitle ""]
[BlackTitle ""]
[WhiteElo "2597"]
[BlackElo "2469"]
[WhiteFideId "13302507"]
[BlackFideId "4159659"]
[EventDate "29.12.2022"]

1. e4 d6 2. d4 Nf6 3. Nc3 e5 4. dxe5 dxe5 5. Qxd8+ Kxd8 6. Bc4 Ke8 7. Bd2 Bd6 8.
f3 c6 9. O-O-O Bc7 10. Nge2 Nbd7 11. g4 b5 12. Bb3 Nc5 13. Ng3 Nxb3+ 14. cxb3
Be6 15. Nf5 Rg8 16. Bg5 Nd7 17. Bh4 f6 18. Ne2 g6 19. Ne3 Bb6 20. Nc2 Ke7 21. h3
a5 22. Kb1 Rad8 23. Bg3 h5 24. Rd2 Rh8 25. Rhd1 hxg4 26. hxg4 Rh3 27. Ne1 Rh1
28. Nc2 Rxd1+ 29. Rxd1 Rh8 30. Rf1 f5 31. gxf5 gxf5 32. Bf2 Bxf2 33. Rxf2 f4 34.
Rf1 b4 35. Nc1 Nc5 36. Ne1 Bc8 37. Rg1 Kf6 38. Ned3 Ne6 39. a3 bxa3 40. bxa3 Nd4
41. Ne1 Rh3 42. Rf1 Ba6 43. Rf2 Rh1 44. Nc2 c5 45. Nxd4 exd4 46. Kc2 a4 47. bxa4
c4 48. Na2 c3 49. Nb4 Bc4 50. Nc6 Ra1 51. e5+ Kf7 52. Nxd4 Ra2+ 53. Kxc3 Rxf2
54. Kxc4 Ra2 55. Kb4 Rd2 56. Kc5 Rd3 57. e6+ Ke7 58. Kd5 Rxa3 59. Nf5+ Kf6 60.
e7 Kf7 61. Ke5 Rxa4 62. Nd6+ Kxe7 63. Ne4 Ra3 64. Kxf4 Rxf3+ 65. Kxf3 1/2-1/2

[Event "Mondiale Lampo FIDE 2022"]
[Site "Alma Ata"]
[Date "30.12.2022"]
[Round "18.38"]
[White "Tabatabaei, M. Amin"]
[Black "Ghaem Maghami, Ehsan"]
[Result "1-0"]
[WhiteTitle ""]
[BlackTitle ""]
[WhiteElo "2660"]
[BlackElo "2490"]
[WhiteFideId "12521213"]
[BlackFideId "12500739"]
[EventDate "29.12.2022"]

1. Nf3 d5 2. g3 g6 3. Bg2 Bg7 4. d4 Nf6 5. O-O c6 6. c4 O-O 7. Nc3 dxc4 8. e4
Bg4 9. h3 Bxf3 10. Bxf3 e5 11. dxe5 Nfd7 12. e6 fxe6 13. Be3 Ne5 14. Be2 Nd3 15.
Bxd3 cxd3 16. Qb3 Nd7 17. Rad1 Qe7 18. f4 Bxc3 19. Qxc3 e5 20. Qxd3 exf4 21.
Bxf4 Rf7 22. Qc4 Re8 23. e5 Qc5+ 24. Qxc5 Nxc5 25. b4 Ne6 26. Be3 a6 27. Rf6
Rxf6 28. exf6 Rd8 29. Rxd8+ Nxd8 30. g4 Kf7 31. g5 Ke6 32. Kf2 Nf7 33. Kf3 Kd5
34. h4 Ke5 35. Bc1 Kd4 36. Kf4 Kd3 37. Be3 Kc4 38. Bc5 Kd5 1-0

[Event "Mondiale Lampo FIDE 2022"]
[Site "Alma Ata"]
[Date "30.12.2022"]
[Round "18.39"]
[White "Nogerbek, Kazybek"]
[Black "Aravindh, Chithambaram VR."]
[Result "1/2-1/2"]
[WhiteTitle ""]
[BlackTitle ""]
[WhiteElo "2468"]
[BlackElo "2607"]
[WhiteFideId "13710427"]
[BlackFideId "5072786"]
[EventDate "29.12.2022"]

1. Nf3 Nf6 2. c4 b6 3. g3 Bb7 4. Bg2 g6 5. b3 Bg7 6. Bb2 c5 7. O-O d6 8. Nc3
Nbd7 9. d3 O-O 10. a3 e5 11. b4 Re8 12. Nd2 Bxg2 13. Kxg2 h5 14. Nde4 Nf8 15.
Nxf6+ Bxf6 16. Nd5 Bg7 17. h4 Ne6 18. e3 Nc7 19. Nxc7 Qxc7 20. e4 Qd7 21. Qe2
Re7 22. f4 exf4 23. Bxg7 Kxg7 24. Rxf4 Rae8 25. Raf1 f5 26. Qb2+ Kh7 27. Kh2
fxe4 28. dxe4 Qe6 29. Qc2 Rg7 30. Qd3 Qe5 31. b5 Re6 32. a4 Re8 33. R1f2 Re6 34.
Qd5 Re8 35. Rf7 Qxd5 36. exd5 Re4 37. R2f4 Re2+ 38. Kh3 Rc2 39. R7f6 Re7 40. Re6
Rd7 41. Rff6 Rg7 42. Re4 Rd7 43. Rf8 Ra2 44. g4 Rxa4 45. gxh5 gxh5 46. Rf5 Ra3+
47. Kh2 Rc3 48. Rxh5+ Kg6 49. Rg5+ Kh6 50. Rf5 Rg7 51. Re6+ Kh7 52. Rh5+ Kg8 53.
Rg5 Rxc4 54. Kg3 Rd4 55. Rxd6 c4 56. Rd8+ Kh7 57. d6 c3 58. Rc8 Rxd6 59. Rxc3
Rxg5+ 60. hxg5 Rd5 61. Kg4 Rxb5 62. Rc7+ Kg6 63. Rc6+ Kg7 64. Rc7+ Kg6 65. Rc6+
Kg7 1/2-1/2

[Event "Mondiale Lampo FIDE 2022"]
[Site "Alma Ata"]
[Date "30.12.2022"]
[Round "18.40"]
[White "Ter-Sahakyan, Samvel"]
[Black "Alonso Rosell, Alvar"]
[Result "0-1"]
[WhiteTitle ""]
[BlackTitle ""]
[WhiteElo "2605"]
[BlackElo "2561"]
[WhiteFideId "13302531"]
[BlackFideId "2270544"]
[EventDate "29.12.2022"]

1. e4 e5 2. Nf3 Nc6 3. Bb5 a6 4. Ba4 d6 5. c3 Bd7 6. O-O g6 7. d4 Bg7 8. Re1 Nf6
9. h3 O-O 10. Bc2 Re8 11. Bg5 h6 12. Bh4 exd4 13. cxd4 g5 14. Bg3 Nh5 15. Bh2 g4
16. hxg4 Bxg4 17. d5 Nd4 18. Nbd2 Qf6 19. Re3 Nf4 20. Rc1 h5 21. Bb1 Bh6 22.
Rxc7 Rac8 23. Rxc8 Rxc8 24. Kh1 Nxg2 25. Kxg2 Bxe3 26. e5 dxe5 27. fxe3 Nxf3 28.
Nxf3 Rc1 29. Qxc1 Qxf3+ 30. Kg1 Bh3 31. Be4 Qxe4 32. Qd2 Qf3 0-1

[Event "Mondiale Lampo FIDE 2022"]
[Site "Alma Ata"]
[Date "30.12.2022"]
[Round "18.41"]
[White "Sindarov, Javokhir"]
[Black "Paravyan, David"]
[Result "1-0"]
[WhiteTitle ""]
[BlackTitle ""]
[WhiteElo "2654"]
[BlackElo "2586"]
[WhiteFideId "14205483"]
[BlackFideId "4194985"]
[EventDate "29.12.2022"]

1. e4 e5 2. Nf3 Nf6 3. Nxe5 d6 4. Nc4 Nxe4 5. Qe2 Qe7 6. Ne3 Nc6 7. c3 Nf6 8. g3
h5 9. h4 g6 10. Bg2 Bg7 11. d4 Bd7 12. Na3 O-O 13. O-O Ng4 14. Qc2 Nxe3 15. Bxe3
Bf5 16. Qb3 Be4 17. Bg5 Qe8 18. Rfe1 Na5 19. Qd1 d5 20. f3 f5 21. fxe4 fxe4 22.
Qe2 b6 23. Rf1 Qe6 24. Rxf8+ Rxf8 25. Rf1 Rxf1+ 26. Qxf1 c5 27. Bh3 Qd6 28. Bf4
Qe7 29. dxc5 Qxc5+ 30. Kh2 d4 31. cxd4 Qxd4 32. Nc4 Nxc4 33. Be6+ Kh7 34. Bxc4
Qxb2+ 35. Qe2 Qd4 36. Bb3 Be5 37. Bxe5 Qxe5 38. Qf2 Qe7 39. Kg2 Kg7 40. Qd4+ Kh7
41. Qd5 Qf6 42. Qxe4 b5 43. Qb7+ Kh6 44. Qxb5 Qb2+ 45. Kh3 Qc1 46. Qd5 Qf1+ 47.
Qg2 Qf5+ 48. Kh2 Qd7 49. Qf2 Qd3 50. Qf8+ Kh7 51. Qg8+ 1-0

[Event "Mondiale Lampo FIDE 2022"]
[Site "Alma Ata"]
[Date "30.12.2022"]
[Round "18.42"]
[White "Najer, Evgeniy"]
[Black "Asadli, Vugar"]
[Result "1-0"]
[WhiteTitle ""]
[BlackTitle ""]
[WhiteElo "2662"]
[BlackElo "2567"]
[WhiteFideId "4118987"]
[BlackFideId "13405764"]
[EventDate "29.12.2022"]

1. e4 g6 2. d4 Bg7 3. Nc3 d6 4. h4 h6 5. h5 g5 6. f4 gxf4 7. Bxf4 Nf6 8. Qd2 Nc6
9. O-O-O Bg4 10. Be2 Qd7 11. e5 dxe5 12. dxe5 Nh7 13. Qe3 Qf5 14. Bxg4 Qxg4 15.
Nf3 Ng5 16. Nb5 Ne6 17. g3 a6 18. Nc3 Rd8 19. Nd5 Qf5 20. Qd3 Qxd3 21. Rxd3 Rg8
22. Rhd1 Bf8 23. a3 Rg4 24. c4 Bg7 25. b4 Kf8 26. Nxc7 Rc8 27. Nxe6+ fxe6 28.
Kb1 Kf7 29. c5 Na7 30. Rd7 Nb5 31. Kb2 b6 32. Rc1 bxc5 33. Rxc5 Rb8 34. a4 Nd6
35. Kb3 Nf5 36. Rcc7 Re8 37. Nh2 Rxg3+ 38. Bxg3 Nxg3 39. Ng4 Nxh5 40. Rc3 Kg6
41. Ra7 Kf5 42. Ne3+ Ke4 43. Nc4 Nf4 44. Re3+ Kd4 45. Rd7+ Nd5 46. Rg3 Bxe5 47.
Rg4+ Bf4 48. Rxf4+ Kd3 49. Rf3+ Ke4 50. Rh3 Rb8 51. Rh4+ Kf5 52. Nd2 Kg5 53. Rh1
Rxb4+ 54. Ka3 Rf4 55. Rg1+ Kf6 56. Rd8 Rd4 57. Rf8+ Ke5 58. Nf3+ Ke4 59. Rg4+ 1-0

[Event "Mondiale Lampo FIDE 2022"]
[Site "Alma Ata"]
[Date "30.12.2022"]
[Round "18.43"]
[White "Kovalev, Vladislav"]
[Black "Niemann, Hans Moke"]
[Result "0-1"]
[WhiteTitle ""]
[BlackTitle ""]
[WhiteElo "2623"]
[BlackElo "2698"]
[WhiteFideId "13504398"]
[BlackFideId "2093596"]
[EventDate "29.12.2022"]

1. e4 c5 2. Be2 Nc6 3. d3 g6 4. f4 Bg7 5. Nf3 d6 6. O-O Nh6 7. c3 O-O 8. Kh1 f5
9. exf5 Nxf5 10. Na3 Kh8 11. Nc2 Be6 12. Bd2 Bg8 13. Ne3 Qd7 14. Nxf5 gxf5 15.
Be3 b6 16. Qd2 e5 17. Rae1 Rad8 18. Bd1 e4 19. dxe4 fxe4 20. Ng5 d5 21. Bg1 h6
22. Nh3 Bh7 23. Bc2 Rfe8 24. Nf2 Na5 25. b3 Nc6 26. Bb1 b5 27. c4 dxc4 28. Qxd7
Rxd7 29. bxc4 e3 30. Bxh7 Kxh7 31. Ng4 e2 32. Rf2 Rde7 33. cxb5 Nb4 34. Ne5 Bxe5
35. fxe5 Rxe5 36. Rf7+ Kg6 37. Rxa7 Nd3 38. Rxe2 Rxe2 39. b6 Nf2+ 40. Bxf2 Rxf2
41. h3 Rb2 42. Ra6 Re6 0-1

[Event "Mondiale Lampo FIDE 2022"]
[Site "Alma Ata"]
[Date "30.12.2022"]
[Round "18.44"]
[White "Gharibyan, Mamikon"]
[Black "Tari, Aryan"]
[Result "1-0"]
[WhiteTitle ""]
[BlackTitle ""]
[WhiteElo "2480"]
[BlackElo "2659"]
[WhiteFideId "13308300"]
[BlackFideId "1510045"]
[EventDate "29.12.2022"]

1. Nf3 Nf6 2. g3 c5 3. c4 Nc6 4. Bg2 d5 5. cxd5 Nxd5 6. Nc3 Nxc3 7. bxc3 e5 8.
O-O Be7 9. d3 O-O 10. a4 Qc7 11. Nd2 Be6 12. Nc4 b6 13. Ne3 Rad8 14. c4 Qd7 15.
Nd5 Bd6 16. Bd2 Ne7 17. Nc3 Bh3 18. a5 Bxg2 19. Kxg2 f5 20. axb6 axb6 21. Bg5 f4
22. Bxe7 Bxe7 23. f3 fxg3 24. hxg3 Bg5 25. Ne4 Be3 26. Qb3 Rb8 27. Ra6 Qb7 28.
Rfa1 Kh8 29. Qb5 h6 30. Ra7 Qc8 31. Rd7 Ra8 32. Raa7 Rxa7 33. Rxa7 Qd8 34. Qd7
Qxd7 35. Rxd7 Ra8 36. Rb7 Ra2 37. Rxb6 Rxe2+ 38. Kh3 h5 39. g4 h4 40. g5 Kh7 41.
Kxh4 Rg2 42. Kh3 Rg1 43. Kh2 Rd1 44. Rd6 Bd4 45. Kh3 Rxd3 46. Kg4 Ra3 47. g6+
Kh6 48. Ng5 1-0

[Event "Mondiale Lampo FIDE 2022"]
[Site "Alma Ata"]
[Date "30.12.2022"]
[Round "18.45"]
[White "Idani, Pouya"]
[Black "Petrosyan, Manuel"]
[Result "1/2-1/2"]
[WhiteTitle ""]
[BlackTitle ""]
[WhiteElo "2637"]
[BlackElo "2621"]
[WhiteFideId "12510130"]
[BlackFideId "13300857"]
[EventDate "29.12.2022"]

1. e4 d6 2. d4 g6 3. Nc3 Bg7 4. Nf3 Bg4 5. Be3 Nd7 6. h3 Bxf3 7. Qxf3 a6 8.
O-O-O b5 9. g4 Nb6 10. e5 e6 11. Ne4 Nd5 12. Qg3 Nxe3 13. fxe3 d5 14. Nc5 Ne7
15. Bg2 Nc8 16. e4 c6 17. h4 Qe7 18. g5 h6 19. Kb1 Nb6 20. h5 Qxg5 21. Qxg5 hxg5
22. hxg6 Rxh1 23. Rxh1 Na4 24. Rh7 Kf8 25. Nd7+ Kg8 26. Nf6+ Kf8 27. exd5 cxd5
28. Bh3 Ra7 29. c3 Nb6 30. Nh5 fxg6 31. Rxg7 Rxg7 32. Nxg7 Kxg7 33. Bxe6 g4 34.
Bxg4 Kh6 35. Kc2 Kg5 36. Be6 Kf4 37. Kd3 g5 38. Ke2 g4 39. Kf2 g3+ 40. Kg2 a5
41. b3 b4 42. c4 dxc4 43. bxc4 Ke4 44. c5 Na8 45. Bd7 Kxd4 46. e6 Kxc5 47. e7
Nc7 48. e8=Q Nxe8 49. Bxe8 Kd4 50. Kxg3 Kc3 51. Kf3 Kb2 52. Bf7 a4 53. Ke2 b3
54. axb3 axb3 55. Bxb3 1/2-1/2

[Event "Mondiale Lampo FIDE 2022"]
[Site "Alma Ata"]
[Date "30.12.2022"]
[Round "18.46"]
[White "Lintchevski, Daniil"]
[Black "Batsuren, Dambasuren"]
[Result "1-0"]
[WhiteTitle ""]
[BlackTitle ""]
[WhiteElo "2548"]
[BlackElo "2525"]
[WhiteFideId "4171055"]
[BlackFideId "4902920"]
[EventDate "29.12.2022"]

1. e4 c6 2. Nf3 d5 3. d3 dxe4 4. dxe4 Qxd1+ 5. Kxd1 Nf6 6. Nbd2 g6 7. Ne1 Bg7 8.
f3 O-O 9. c3 Be6 10. Bc4 Bxc4 11. Nxc4 Nbd7 12. Nd3 b6 13. Ke2 Rfd8 14. Be3 Ne8
15. a4 Nd6 16. Nxd6 exd6 17. a5 Nc5 18. axb6 axb6 19. Nb4 Rac8 20. Rhd1 f5 21.
exf5 gxf5 22. Ra7 d5 23. Kf2 Rd7 24. Rda1 d4 25. cxd4 Bxd4 26. Rxd7 Bxe3+ 27.
Kxe3 Nxd7 28. Kf4 Kf7 29. Kxf5 Ke7 30. Kf4 Rf8+ 31. Ke3 Kd6 32. Rd1+ Kc7 33. f4
Nf6 34. Kf3 c5 35. Nd5+ Nxd5 36. Rxd5 Ra8 37. Rd2 c4 38. f5 Ra2 39. Ke3 b5 40.
f6 Ra6 41. Rf2 Ra8 42. f7 Rf8 43. Kd4 Kd6 44. g4 h6 45. h4 Ke6 46. g5 hxg5 47.
hxg5 Ke7 48. g6 Rd8+ 49. Kc5 Kf8 50. g7+ Kxg7 51. f8=Q+ Rxf8 52. Rxf8 Kxf8 53.
Kxb5 1-0

[Event "Mondiale Lampo FIDE 2022"]
[Site "Alma Ata"]
[Date "30.12.2022"]
[Round "18.47"]
[White "Ghasi, Ameet K"]
[Black "Pranav, V"]
[Result "0-1"]
[WhiteTitle ""]
[BlackTitle ""]
[WhiteElo "2471"]
[BlackElo "2545"]
[WhiteFideId "409200"]
[BlackFideId "25060783"]
[EventDate "29.12.2022"]

1. Nf3 Nf6 2. g3 d5 3. Bg2 c6 4. O-O Bg4 5. c4 Nbd7 6. cxd5 cxd5 7. Qb3 Qb6 8.
Qxb6 axb6 9. Nc3 e6 10. d3 Bb4 11. h3 Bxf3 12. Bxf3 Ne5 13. Bg2 Nc6 14. Be3 Bc5
15. Bd2 Kd7 16. Rfc1 Rhc8 17. Kf1 h6 18. g4 h5 19. g5 Ne8 20. h4 Nd6 21. Bh3 Ne7
22. e4 dxe4 23. dxe4 Nc4 24. Bf4 Nxb2 25. Nb5 Ng6 26. Bg3 Ra5 27. Nc3 Rc6 28.
Rab1 Nc4 29. Rd1+ Ke7 30. Ne2 Rxa2 31. Rbc1 Nd2+ 32. Kg1 Nxe4 33. Bg2 Rxe2 0-1

[Event "Mondiale Lampo FIDE 2022"]
[Site "Alma Ata"]
[Date "30.12.2022"]
[Round "18.48"]
[White "Donchenko, Alexander"]
[Black "Daneshvar, Bardiya"]
[Result "1-0"]
[WhiteTitle ""]
[BlackTitle ""]
[WhiteElo "2636"]
[BlackElo "2500"]
[WhiteFideId "24603295"]
[BlackFideId "12576468"]
[EventDate "29.12.2022"]

1. e4 c6 2. d4 d5 3. exd5 cxd5 4. c3 Nc6 5. Bd3 Nf6 6. h3 g6 7. Na3 Bf5 8. Bxf5
gxf5 9. Ne2 e6 10. Qb3 Qd7 11. Nf4 a6 12. Nb1 Bd6 13. Nd3 Qc7 14. Nd2 Rg8 15.
O-O Ne4 16. Nf3 f6 17. a4 O-O-O 18. Kh1 Rg6 19. Nh4 Rg7 20. Bh6 Rgg8 21. Qd1 Qf7
22. Bf4 e5 23. Bh2 f4 24. f3 Ng5 25. Nf5 Bc7 26. Nc5 Qg6 27. Qc2 Rde8 28. Rf2
Kb8 29. Qb3 Na5 30. Nxa6+ Kc8 31. Qxd5 bxa6 32. Nd6+ Bxd6 33. Qxd6 f5 34. Qc5+
Qc6 35. Qxa5 e4 36. Bxf4 exf3 37. Qxf5+ Kb7 38. Bxg5 Ref8 39. Qxh7+ Ka8 40. d5
fxg2+ 41. Rxg2 Qxd5 42. h4 Rf2 43. Rg1 Re8 44. c4 Qc6 45. Qh6 Re6 46. Qh8+ Re8
47. Qd4 Ree2 48. Qd5 1-0

[Event "Mondiale Lampo FIDE 2022"]
[Site "Alma Ata"]
[Date "30.12.2022"]
[Round "18.49"]
[White "Kadric, Denis"]
[Black "Sargissian, Gabriel"]
[Result "1/2-1/2"]
[WhiteTitle ""]
[BlackTitle ""]
[WhiteElo "2584"]
[BlackElo "2699"]
[WhiteFideId "14403803"]
[BlackFideId "13300881"]
[EventDate "29.12.2022"]

1. e4 e5 2. Nf3 Nc6 3. Bc4 Nf6 4. d3 Bc5 5. O-O d6 6. c3 a5 7. Re1 Ba7 8. Nbd2
O-O 9. h3 Be6 10. Bb5 Bd7 11. Ba4 Ne7 12. Bc2 Ng6 13. d4 b5 14. Nf1 a4 15. Ng3
Re8 16. Be3 c5 17. dxe5 dxe5 18. c4 a3 19. cxb5 axb2 20. Rb1 Bxb5 21. Rxb2 Bc6
22. Nd2 Bb6 23. Nc4 Ba5 24. Nxa5 Qxa5 25. Qc1 c4 26. Bb1 Rec8 27. Bd2 Qa3 28.
Rb4 Bd7 29. Rxc4 Rxc4 30. Qxc4 Be6 31. Qc3 Qxc3 32. Bxc3 Bxa2 33. Bxa2 Rxa2 34.
Ra1 1/2-1/2

[Event "Mondiale Lampo FIDE 2022"]
[Site "Alma Ata"]
[Date "30.12.2022"]
[Round "18.50"]
[White "Vallejo Pons, Francisco"]
[Black "Petrov, Nikita"]
[Result "1-0"]
[WhiteTitle ""]
[BlackTitle ""]
[WhiteElo "2716"]
[BlackElo "2537"]
[WhiteFideId "2205530"]
[BlackFideId "4101286"]
[EventDate "29.12.2022"]

1. e4 e5 2. Nf3 Nc6 3. Nc3 Nf6 4. g3 Bc5 5. Bg2 d6 6. d3 a5 7. O-O O-O 8. h3 a4
9. Kh2 a3 10. b3 Be6 11. Na4 Ba7 12. c4 Nd4 13. Bxa3 c6 14. Bb2 b5 15. Nc3 Nxf3+
16. Qxf3 Bd4 17. Qe2 Qa5 18. Nd1 bxc4 19. dxc4 Rfb8 20. Ne3 Nd7 21. Rfd1 Nc5 22.
Rxd4 exd4 23. Bxd4 Re8 24. Qc2 f6 25. h4 Nd7 26. Bc3 Qh5 27. a4 Ne5 28. Qd1 Qxd1
29. Rxd1 Rab8 30. b4 Nxc4 31. Nxc4 Bxc4 32. Rxd6 Bb3 33. a5 Ba4 34. e5 fxe5 35.
Bxc6 Bxc6 36. Rxc6 Rec8 37. Rxc8+ Rxc8 38. Bxe5 Rc2 39. Bd4 Ra2 40. Bb6 Kf7 41.
b5 Ke6 42. Kg2 Kd5 43. Kf3 Kc4 44. Ke4 Kxb5 45. Kd5 Re2 46. h5 Re1 47. Bd4 g6
48. h6 Rh1 49. Be3 Kxa5 50. Ke6 Kb5 51. Kf7 Kc6 52. Kg7 Kd5 53. Kxh7 g5 54. Kg7
Rxh6 1-0

[Event "Mondiale Lampo FIDE 2022"]
[Site "Alma Ata"]
[Date "30.12.2022"]
[Round "18.51"]
[White "Brunello, Sabino"]
[Black "Hambleton, Aman"]
[Result "1/2-1/2"]
[WhiteTitle ""]
[BlackTitle ""]
[WhiteElo "2519"]
[BlackElo "2437"]
[WhiteFideId "813613"]
[BlackFideId "2606577"]
[EventDate "29.12.2022"]

1. d4 Nf6 2. Nf3 e6 3. c4 b6 4. g3 Ba6 5. b3 Bb7 6. Bg2 Bb4+ 7. Bd2 c5 8. O-O
O-O 9. Bc3 Bxc3 10. Nxc3 cxd4 11. Qxd4 Nc6 12. Qd2 Qe7 13. Rfd1 Rfd8 14. Ne1 d6
15. Nc2 Rac8 16. h3 h6 17. Rac1 a6 18. Qe3 Qc7 19. Ne1 Ne5 20. Bxb7 Qxb7 21. f4
Ng6 22. Nf3 b5 23. cxb5 axb5 24. Nd2 Ne7 25. Qd3 b4 26. Nce4 Nxe4 27. Nxe4 d5
28. Nf2 Nf5 29. e4 dxe4 30. Qxe4 Rxc1 31. Rxc1 Qa7 32. g4 Rd2 33. Qe1 Nd4 34.
Kf1 Qxa2 35. Ne4 Rh2 36. Nf2 Nf3 37. Rc8+ Kh7 38. Qe4+ f5 39. Qxf3 Qb1+ 40. Ke2
Qb2+ 41. Kf1 Qb1+ 42. Ke2 Qb2+ 43. Kf1 Qb1+ 1/2-1/2

[Event "Mondiale Lampo FIDE 2022"]
[Site "Alma Ata"]
[Date "30.12.2022"]
[Round "18.52"]
[White "Narayanan, S.L."]
[Black "Sjugirov, Sanan"]
[Result "0-1"]
[WhiteTitle ""]
[BlackTitle ""]
[WhiteElo "2669"]
[BlackElo "2712"]
[WhiteFideId "5058422"]
[BlackFideId "4189302"]
[EventDate "29.12.2022"]

1. e4 e5 2. Nf3 Nc6 3. Bb5 a6 4. Ba4 Nf6 5. O-O d6 6. Re1 Bd7 7. Bxc6 Bxc6 8.
Nc3 Be7 9. d4 exd4 10. Nxd4 O-O 11. Qf3 Nd7 12. Bf4 Bf6 13. Nf5 Ne5 14. Qg3 Ng6
15. Bd2 Re8 16. Kh1 Qd7 17. Bg5 Bxg5 18. Qxg5 f6 19. Qd2 Re5 20. f3 Rae8 21.
Rad1 Qf7 22. Ne3 b5 23. a3 Bb7 24. Ncd5 f5 25. exf5 Nh4 26. Nf4 Nxf5 27. Nxf5
Qxf5 28. Rxe5 Qxe5 29. Nd3 Qe2 30. Qxe2 Rxe2 31. Rc1 Kf7 32. Kg1 c5 33. Kf1 Rd2
34. Nf2 Rd4 35. Rd1 Rxd1+ 36. Nxd1 d5 37. c3 Ke6 38. Ke2 Ke5 39. Nf2 d4 40. Nd3+
Kd5 41. cxd4 Kxd4 42. Nf4 Bc8 43. Kd2 a5 44. Ne2+ Kc4 45. h4 b4 46. Nf4 bxa3 47.
bxa3 Kb3 48. Nh5 Kb2 49. Kd3 Ba6+ 50. Ke3 c4 51. Kd4 0-1

[Event "Mondiale Lampo FIDE 2022"]
[Site "Alma Ata"]
[Date "30.12.2022"]
[Round "18.53"]
[White "Khusnutdinov, Rustam"]
[Black "Adly, Ahmed"]
[Result "0-1"]
[WhiteTitle ""]
[BlackTitle ""]
[WhiteElo "2441"]
[BlackElo "2596"]
[WhiteFideId "13701703"]
[BlackFideId "10601619"]
[EventDate "29.12.2022"]

1. e4 c5 2. Nf3 Nf6 3. e5 Nd5 4. Nc3 Nxc3 5. dxc3 Nc6 6. Bf4 Qc7 7. Qd2 e6 8.
O-O-O Rb8 9. h4 h6 10. h5 b5 11. Bg3 Qa5 12. Kb1 c4 13. Rh4 Ne7 14. Qd6 Rb7 15.
Qd2 Rb6 16. Rd4 Ra6 17. a3 Qc7 18. Nh4 Nc6 19. Re4 Qa5 20. Qc1 Bb7 21. f4 Ne7
22. Ree1 Nd5 23. Rxd5 Bxd5 24. f5 b4 25. cxb4 Bxb4 26. c3 Be7 27. f6 gxf6 28.
exf6 Bxf6 29. Nf5 Rb6 30. Ka1 Qc5 31. Nxh6 Rxh6 32. Qxh6 Bxc3 0-1

[Event "Mondiale Lampo FIDE 2022"]
[Site "Alma Ata"]
[Date "30.12.2022"]
[Round "18.54"]
[White "Fedorov, Alexei"]
[Black "Vokhidov, Shamsiddin"]
[Result "1-0"]
[WhiteTitle ""]
[BlackTitle ""]
[WhiteElo "2475"]
[BlackElo "2579"]
[WhiteFideId "13500465"]
[BlackFideId "14204223"]
[EventDate "29.12.2022"]

1. e4 e5 2. Nf3 Nc6 3. Bc4 Bc5 4. d3 Nf6 5. Bg5 h6 6. Bh4 Be7 7. Bg3 d6 8. a3
O-O 9. O-O Be6 10. Bxe6 fxe6 11. c3 Qe8 12. Nbd2 Nh5 13. b4 a6 14. Qb3 Qg6 15.
a4 Nf4 16. Bxf4 Rxf4 17. b5 Nd8 18. g3 Rf8 19. Qc4 c6 20. bxc6 Nxc6 21. Rab1
Rab8 22. Kg2 Rfc8 23. Qa2 Na5 24. Nb3 Bd8 25. Rfc1 Qf7 26. Nfd2 Nc6 27. Nc4 Qd7
28. a5 d5 29. Ne3 Bg5 30. Qe2 d4 31. h4 Bxe3 32. fxe3 Qd6 33. exd4 exd4 34. cxd4
Nxd4 35. Nxd4 Rxc1 36. Rxc1 Qxd4 37. Rc7 b6 38. Qg4 Qe5 39. Rc6 Qxa5 40. Qxe6+
Kh8 41. Rc8+ Rxc8 42. Qxc8+ Kh7 43. Qe6 Qd2+ 44. Kh3 Qxd3 45. Qf5+ Kg8 46. Qe6+
Kf8 47. Qxb6 Qf1+ 48. Kh2 Qb5 49. Qd8+ Kf7 50. Qd6 Qe2+ 51. Kh3 h5 52. e5 Qe4
53. Kh2 Qe2+ 54. Kg1 Qc4 55. Qd7+ Kg6 56. e6 Qc1+ 57. Kf2 Qc2+ 58. Ke3 Qc3+ 59.
Ke4 Qc4+ 60. Ke5 Qc5+ 61. Qd5 Qe3+ 62. Kd6 Kf6 63. Kd7 1-0

[Event "Mondiale Lampo FIDE 2022"]
[Site "Alma Ata"]
[Date "30.12.2022"]
[Round "18.55"]
[White "Urazayev, Arystanbek"]
[Black "Jumabayev, Rinat"]
[Result "1-0"]
[WhiteTitle ""]
[BlackTitle ""]
[WhiteElo "2465"]
[BlackElo "2609"]
[WhiteFideId "13709810"]
[BlackFideId "13702661"]
[EventDate "29.12.2022"]

1. d4 Nf6 2. c4 e6 3. Nc3 Bb4 4. Nf3 b6 5. e3 Bb7 6. Bd3 O-O 7. O-O c5 8. Re1 d5
9. cxd5 Nxd5 10. Bd2 cxd4 11. exd4 Nd7 12. Rc1 N5f6 13. a3 Be7 14. Bf4 Rc8 15.
Qe2 Nh5 16. Be3 Nhf6 17. h3 Nd5 18. Nxd5 Bxd5 19. Ba6 Rxc1 20. Rxc1 Nf6 21. Ne5
Bd6 22. Bg5 Qe7 23. Ng4 Kh8 24. Bd3 Rg8 25. Bh4 Qd8 26. Nxf6 gxf6 27. Qh5 Rxg2+
28. Kf1 Rg7 29. Ba6 Rg8 30. Rc8 Qe7 31. Bd3 1-0

[Event "Mondiale Lampo FIDE 2022"]
[Site "Alma Ata"]
[Date "30.12.2022"]
[Round "18.56"]
[White "Moiseenko, Alexander"]
[Black "Agmanov, Zhandos"]
[Result "0-1"]
[WhiteTitle ""]
[BlackTitle ""]
[WhiteElo "2577"]
[BlackElo "2442"]
[WhiteFideId "14102560"]
[BlackFideId "13708309"]
[EventDate "29.12.2022"]

1. d4 Nf6 2. Bg5 d5 3. e3 e6 4. Nd2 Be7 5. Ngf3 O-O 6. Bd3 h6 7. Bxf6 Bxf6 8. h4
c5 9. c3 Nc6 10. g4 e5 11. g5 e4 12. gxf6 exd3 13. fxg7 Re8 14. dxc5 Bg4 15. Qa4
d4 16. Nxd4 Ne5 17. f4 Qd5 18. Kf2 Bd7 19. fxe5 Bxa4 20. N2f3 Bc6 21. Rhg1 Rxe5
22. c4 Qe4 23. Nxe5 Qxe5 24. Rg3 Qf6+ 25. Nf3 Bxf3 26. Rxf3 Qxb2+ 0-1

[Event "Mondiale Lampo FIDE 2022"]
[Site "Alma Ata"]
[Date "30.12.2022"]
[Round "18.57"]
[White "Averin, Nikolay"]
[Black "Savchenko, Boris"]
[Result "1-0"]
[WhiteTitle ""]
[BlackTitle ""]
[WhiteElo "2342"]
[BlackElo "2552"]
[WhiteFideId "24250473"]
[BlackFideId "4147332"]
[EventDate "29.12.2022"]

1. e4 c5 2. Nf3 d6 3. d4 cxd4 4. Nxd4 Nf6 5. Nc3 a6 6. f3 g6 7. Be3 h5 8. Qd2
Bg7 9. O-O-O b5 10. Qf2 Nbd7 11. Kb1 Bb7 12. Bg5 b4 13. Nce2 a5 14. h3 a4 15.
Nc1 Qc8 16. Qe1 Rb8 17. Qxb4 Bxe4 18. Qxa4 Nd5 19. Bb5 O-O 20. fxe4 Nc5 21. Qc4
Nxe4 22. Qxd5 Nc3+ 23. bxc3 Qxc3 24. Ncb3 Rfc8 25. Bd2 Qg3 26. Qf3 Qe5 27. Rhe1
Rxb5 28. Rxe5 Rxe5 29. Qb7 Rf8 30. a4 1-0